La dramaturgia de Antonio Buero Vallejo / (Record no. 168946)
[ view plain ]
| 000 -LEADER | |
|---|---|
| campo de control de longitud fija | 01192nam a22002295i 4500 |
| 001 - NÚMERO DE CONTROL | |
| campo de control | 168946 |
| 003 - IDENTIFICADOR DE NÚMERO DE CONTROL | |
| campo de control | ES-MaACL |
| 005 - FECHA Y HORA DE LA ÚLTIMA TRANSACCIÓN | |
| campo de control | 20250824050815.0 |
| 008 - DATOS DE LONGITUD FIJA--INFORMACIÓN GENERAL | |
| campo de control de longitud fija | 080630s1996 sp |||| | spa d |
| 080 ## - NÚMERO DE LA CLASIFICACIÓN DECIMAL UNIVERSAL | |
| Número de la Clasificación Decimal Universal | 821.134.2 Buero Vallejo, Antonio 1.07 |
| 245 03 - MENCIÓN DEL TÍTULO | |
| Título | La dramaturgia de Antonio Buero Vallejo / |
| Mención de responsabilidad, etc. | Jornadas sobre Teatro y Filosofía ; organiza, Facultad de Filosofía, Departamento de Filosofía IV Universidad Complutense ; colabora Facultad de Filología ; coordinadora, Ana María Leyra. |
| 260 ## - PUBLICACIÓN, DISTRIBUCIÓN, ETC. | |
| Lugar de publicación, distribución, etc. | [Madrid] : |
| Nombre del editor, distribuidor, etc. | Facultad de Filosofía, Departamento de Filosofía IV, Universidad Complutense, |
| Fecha de publicación, distribución, etc. | [1996] |
| 300 ## - DESCRIPCIÓN FÍSICA | |
| Extensión | [44] p. ; |
| Dimensiones | 21 cm. |
| 520 3# - RESUMEN, ETC. | |
| Sumario, etc. | Folleto de presentación de las Jornadas, con textos de Antonio Buero Vallejo. |
| 600 14 - PUNTO DE ACCESO ADICIONAL DE MATERIA--NOMBRE DE PERSONA | |
| Nombre de persona | Buero Vallejo, Antonio, 1916-2000- |
| Subdivisión general | Crítica e interpretación |
| 9 (RLIN) | 32422 |
| 700 1# - ENTRADA AGREGADA--NOMBRE PERSONAL | |
| Nombre de persona | Leyra, Ana María |
| 9 (RLIN) | 72103 |
| 710 2# - ENTRADA AGREGADA--NOMBRE DE ENTIDAD CORPORATIVA | |
| Nombre de entidad corporativa o nombre de jurisdicción como elemento de entrada | Universidad Complutense de Madrid. |
| Unidad subordinada | Facultad de Filología |
| 9 (RLIN) | 7120 |
| 710 00 - ENTRADA AGREGADA--NOMBRE DE ENTIDAD CORPORATIVA | |
| Nombre de entidad corporativa o nombre de jurisdicción como elemento de entrada | Universidad Complutense de Madrid. |
| Unidad subordinada | Facultad de Filosofía. |
| 9 (RLIN) | 7122 |
| 711 2# - ENTRADA AGREGADA--NOMBRE DE REUNIÓN | |
| Nombre de congreso/reunión o jurisdicción como elemento de entrada | Jornadas sobre Teatro y Filosofía |
| Fecha del congreso o de la firma del tratado | (1996. |
| Sede del congreso/Lugar de la reunión | Madrid) |
| 9 (RLIN) | 138065 |
| 852 ## - LOCALIZACIÓN | |
| Ubicación | ES-MaACL |
| Número de control de estantería | 2241-F-13 |
| itemnumber | R.142863 |
| Estatus retirado | Estado de pérdida | Estado de daño | No para préstamo | Colección | Biblioteca de origen | Biblioteca actual | Ubicación en estantería | Fecha de adquisición | Fuente de adquisición | Total de préstamos | Signatura topográfica completa | Código de barras | Visto por última vez | Precio de reemplazo | Tipo de ítem Koha |
|---|---|---|---|---|---|---|---|---|---|---|---|---|---|---|---|
| Colección de folletos | Biblioteca del Ateneo de Madrid | Biblioteca del Ateneo de Madrid | Depósito folletos | 30/06/2008 | 2241-F-13 | 1177314 | 23/02/2023 | 23/02/2023 | Folleto |
